<?xml version="1.0" encoding="UTF-8"?><?xml-stylesheet type="text/xsl" href="static/style.xsl"?><OAI-PMH xmlns="http://www.openarchives.org/OAI/2.0/" xmlns:xsi="http://www.w3.org/2001/XMLSchema-instance" xsi:schemaLocation="http://www.openarchives.org/OAI/2.0/ http://www.openarchives.org/OAI/2.0/OAI-PMH.xsd"><responseDate>2026-04-27T19:44:29Z</responseDate><request verb="GetRecord" identifier="oai:uvadoc.uva.es:10324/58232" metadataPrefix="marc">https://uvadoc.uva.es/oai/request</request><GetRecord><record><header><identifier>oai:uvadoc.uva.es:10324/58232</identifier><datestamp>2023-01-13T20:01:40Z</datestamp><setSpec>com_10324_38</setSpec><setSpec>col_10324_852</setSpec></header><metadata><record xmlns="http://www.loc.gov/MARC21/slim" xmlns:doc="http://www.lyncode.com/xoai" xmlns:xsi="http://www.w3.org/2001/XMLSchema-instance" xmlns:dcterms="http://purl.org/dc/terms/" xsi:schemaLocation="http://www.loc.gov/MARC21/slim http://www.loc.gov/standards/marcxml/schema/MARC21slim.xsd">
<leader>00925njm 22002777a 4500</leader>
<datafield tag="042" ind1=" " ind2=" ">
<subfield code="a">dc</subfield>
</datafield>
<datafield tag="720" ind1=" " ind2=" ">
<subfield code="a">Miguel de Celestino, Diego</subfield>
<subfield code="e">author</subfield>
</datafield>
<datafield tag="260" ind1=" " ind2=" ">
<subfield code="c">2022</subfield>
</datafield>
<datafield tag="520" ind1=" " ind2=" ">
<subfield code="a">El objetivo del trabajo es definir la clausura entera de anillos e ideales, explicar sus&#xd;
propiedades, tratar las valoraciones (y su relación con la clausura entera), las álgebras de Rees y demostrar el teorema de Rees. Para ello vamos a seguir principalmente [HS06], empezando en el capítulo 3 con las clausuras enteras de anillos en extensiones de los mismos. Además de la definición, hablamos de los teoremas del ascenso y del descenso que son en sí mismos una aplicación de la clausura entera y unas fuertes herramientas que se usarán implícitamente a partir de entonces. Estudiaremos también la clausura entera en anillos graduados.</subfield>
</datafield>
<datafield tag="024" ind2=" " ind1="8">
<subfield code="a">https://uvadoc.uva.es/handle/10324/58232</subfield>
</datafield>
<datafield tag="245" ind1="0" ind2="0">
<subfield code="a">Dependencia entera. El teorema de Rees</subfield>
</datafield>
</record></metadata></record></GetRecord></OAI-PMH>